Comuni della Provincia di Savona (con mappa) - Statistics

Statistiche generali
  • Questo quiz è stato fatto 128 volte
  • Il punteggio medio è 43 su 69
Risposte nella Mappa
Le risposte nella mappa del quiz sottostante sono codificate secondo una scala di colori dal rosso al verde in base alla % di persone che hanno risposto correttamente.
 
Statistiche sulle risposte
Risposta % Corretto
Alassio
93%
Albenga
93%
Finale Ligure
89%
Savona
89%
Celle Ligure
87%
Albissola Marina
85%
Laigueglia
83%
Albisola Superiore
80%
Borgio Verezzi
80%
Loano
80%
Noli
80%
Pietra Ligure
80%
Varazze
80%
Ceriale
78%
Spotorno
78%
Andora
76%
Borghetto Santo Spirito
76%
Altare
74%
Bergeggi
74%
Cairo Montenotte
74%
Vado Ligure
74%
Stella
72%
Quiliano
70%
Millesimo
65%
Sassello
65%
Carcare
63%
Cengio
61%
Cisano sul Neva
61%
Garlenda
59%
Piana Crixia
59%
Toirano
59%
Villanova d'Albenga
59%
Zuccarello
59%
Balestrino
57%
Calice Ligure
57%
Mallare
57%
Massimino
57%
Pallare
57%
Calizzano
54%
Dego
54%
Mioglia
54%
Nasino
54%
Urbe
54%
Castelvecchio di Rocca Barbena
52%
Ortovero
52%
Osiglia
52%
Pontinvrea
52%
Tovo San Giacomo
52%
Bardineto
50%
Bormida
50%
Castelbianco
50%
Erli
50%
Orco Feglino
50%
Testico
50%
Vezzi Portio
50%
Casanova Lerrone
48%
Giusvalla
48%
Murialdo
48%
Roccavignale
48%
Stellanello
48%
Boissano
46%
Giustenice
46%
Arnasco
43%
Cosseria
43%
Magliolo
43%
Onzo
43%
Plodio
43%
Rialto
41%
Vendone
41%
Nessun quiz corrispondente trovato
Distribuzione punteggi
Percentuale di utenti per punteggio
Percentile per numero di risposta
I tuoi punteggi nel tempo
Non hai fatto questo quiz